000 00292nam a22001217a 4500
020 _a9966706925
050 _aHG4621
_b.K58 2006
100 _aKiunga Murori
245 _aHow to make Money in Stock Market
260 _aNairobi
_bQueenex Media Services
_c2006
300 _aii,86p.
942 _cGEN
999 _c2832
_d2832